[Event "Duesseldorf 2- Krefeld"]
[Site "?"]
[Date "2023.09.24"]
[Round "2.5"]
[White "Panjer, Sidney"]
[Black "Klaska, Philipp"]
[Result "1/2-1/2"]
[WhiteElo "2073"]
[BlackElo "2062"]
[PlyCount "40"]
[EventDate "2023.??.??"]
[SourceVersionDate "2023.09.04"]

1. Nf3 d5 2. d4 Nc6 3. g3 Bg4 4. Bg2 e6 5. O-O Nf6 6. c4 dxc4 7. Qa4 Nd7 8. Qxc4 Nb6 9. Qd3 Be7 10. Nc3 O-O 11. Rd1 Qc8 12. e4 Rd8 13. Ne2 Bf6 14. Qe3 Bxf3 15. Bxf3 Qd7 16. d5 exd5 17. exd5 Nb4 18. Qb3 N4xd5 19. Nf4 c6 20. a4 Qf5 1/2-1/2

[Event "Duesseldorf 2- Krefeld"]
[Site "?"]
[Date "2023.09.24"]
[Round "2.6"]
[White "Mueller, Michael"]
[Black "Van der Valk, Niklas"]
[Result "1/2-1/2"]
[WhiteElo "2189"]
[BlackElo "2079"]
[PlyCount "115"]
[EventDate "2023.??.??"]
[SourceVersionDate "2023.09.04"]

1. e4 c6 2. d4 d5 3. e5 Bf5 4. Nd2 e6 5. Nb3 Nd7 6. Nf3 Ne7 7. Be2 Nc8 8. O-O Be7 9. a4 O-O 10. a5 a6 11. Be3 Na7 12. Qd2 Rc8 13. Nc5 Nxc5 14. dxc5 Qc7 15. Bd4 Nb5 16. Bxb5 cxb5 17. b4 Be4 18. Ra3 Rce8 19. Re3 h6 20. Qc3 Bh7 21. Rfe1 Kh8 22. R3e2 Rg8 23. Nd2 Bf5 24. Nf1 Qd7 25. Qf3 Ref8 26. Ng3 Bh7 27. Nh5 Bd8 28. Qh3 Bg6 29. c3 Re8 30. f4 Qe7 31. g3 Kh7 32. Rf2 Rh8 33. Qg4 Bxh5 34. Qxh5 g6 35. Qh3 h5 36. Kf1 Kg8 37. Re3 Qf8 38. Ke2 Qh6 39. Qg2 Be7 40. h3 Rd8 41. Kd1 Kf8 42. Kc2 Ke8 43. Kb3 Kd7 44. Ref3 Rdg8 45. Qf1 Qh7 46. Qe2 Kc6 47. Rf1 Rg7 48. g4 hxg4 49. hxg4 Qg8 50. R3f2 Rhh7 51. f5 gxf5 52. gxf5 Rg1 53. fxe6 fxe6 54. Rf6 Rxf1 55. Rxf1 Rf7 56. Rg1 Rg7 57. Rxg7 Qxg7 58. Qh5 1/2-1/2

[Event "Duesseldorf 2- Krefeld"]
[Site "?"]
[Date "2023.09.24"]
[Round "2.7"]
[White "Reuter, Julian"]
[Black "Wiedenbruch, Paul"]
[Result "1/2-1/2"]
[WhiteElo "2065"]
[BlackElo "1989"]
[PlyCount "95"]
[EventDate "2023.??.??"]
[SourceVersionDate "2023.09.04"]

1. Nf3 Nf6 2. g3 g6 3. b3 Bg7 4. Bb2 O-O 5. Bg2 c5 6. c4 Nc6 7. O-O d6 8. d4 cxd4 9. Nxd4 Bd7 10. Nc2 Qc8 11. Nc3 Bh3 12. Nd5 Bxg2 13. Kxg2 Nxd5 14. Bxg7 Nf4+ 15. gxf4 Kxg7 16. Ne3 Qe6 17. Qd3 Rac8 18. Rac1 Kg8 19. a3 Nb8 20. f5 Qf6 21. Nd5 Qg5+ 22. Kh1 Nc6 23. Rg1 Qh4 24. Qe3 Rce8 25. Rg3 Qd4 26. Qh6 Qg7 27. Qh4 Qd4 28. Rg4 Qd2 29. Rcg1 Qxe2 30. R4g3 Ne5 31. Rh3 h5 32. Re3 Qc2 33. Qxh5 Kg7 34. Qg5 Rh8 35. f6+ exf6 36. Qxf6+ Kg8 37. Qxd6 Rxh2+ 38. Kxh2 Qxf2+ 39. Kh1 Qh4+ 40. Kg2 Qg4+ 41. Kf2 Nd3+ 42. Rxd3 Qe2+ 43. Kg3 Qxd3+ 44. Kh2 Qe2+ 45. Rg2 Qh5+ 46. Kg3 Qg5+ 47. Kf3 Qh5+ 48. Kg3 1/2-1/2

[Event "Duesseldorf 2- Krefeld"]
[Site "?"]
[Date "2023.09.24"]
[Round "2.8"]
[White "Berndt, Axel"]
[Black "Terhuven, Patrick"]
[Result "1/2-1/2"]
[WhiteElo "2137"]
[BlackElo "2144"]
[PlyCount "64"]
[EventDate "2023.??.??"]
[SourceVersionDate "2023.09.04"]

1. e4 c5 2. c3 g6 3. d4 cxd4 4. cxd4 d5 5. exd5 Nf6 6. Bb5+ Nbd7 7. Nc3 Bg7 8. d6 exd6 9. Qe2+ Qe7 10. Bf4 Qxe2+ 11. Ngxe2 a6 12. Bd3 d5 13. Bd6 Nb6 14. a4 Bd7 15. Bc5 Nc8 16. a5 Bc6 17. O-O Kd7 18. Rfe1 Nd6 19. Nf4 Rae8 20. Be2 Nde4 21. Bf3 Nxc5 22. dxc5 Ne4 23. Ncxd5 Nxc5 24. Red1 Kc8 25. Rac1 Nb3 26. Nb6+ Kb8 27. Bxc6 bxc6 28. Rxc6 Nxa5 29. Nd7+ Kb7 30. Rb6+ Ka7 31. b4 Nc4 32. Rc6 Rc8 1/2-1/2

[Event "Nienberge- Bünde"]
[Site "?"]
[Date "2023.09.24"]
[Round "2.1"]
[White "Brunke, Pascal"]
[Black "Mikeladze, Berdia"]
[Result "0-1"]
[WhiteElo "2199"]
[BlackElo "2150"]
[PlyCount "70"]
[EventDate "2023.??.??"]
[SourceVersionDate "2023.09.04"]

1. e4 c6 2. Nf3 d5 3. Nc3 dxe4 4. Nxe4 Nf6 5. Nxf6+ gxf6 6. d4 Bg4 7. Be2 Qc7 8. O-O e6 9. c4 Bd6 10. c5 Be7 11. Qa4 Rg8 12. Re1 h5 13. Kh1 Nd7 14. b4 a6 15. Qb3 f5 16. Bc4 Bxf3 17. Qxf3 Nf6 18. a4 Rg4 19. g3 Rxd4 20. Bf4 Qd7 21. Rac1 Ne4 22. Be3 O-O-O 23. Bxd4 Qxd4 24. Kg2 h4 25. Qe3 Qb2 26. b5 axb5 27. axb5 Bg5 28. Rb1 h3+ 29. Kxh3 Qh8+ 30. Kg2 Bxe3 31. bxc6 Bxf2 32. Re2 bxc6 33. Ra2 Kd7 34. Rd1+ Ke7 35. Ra7+ Kf6 0-1

[Event "Nienberge- Bünde"]
[Site "?"]
[Date "2023.09.24"]
[Round "2.2"]
[White "Remmeke, Hans"]
[Black "Pieper- Emden, Carsten"]
[Result "0-1"]
[WhiteElo "2128"]
[BlackElo "2231"]
[PlyCount "68"]
[EventDate "2023.??.??"]
[SourceVersionDate "2023.09.04"]

1. d4 d5 2. Nf3 Nf6 3. c4 c6 4. Qb3 dxc4 5. Qxc4 Bf5 6. g3 e6 7. Bg2 Nbd7 8. O-O Be7 9. Nbd2 O-O 10. Qb3 Qb6 11. Re1 h6 12. h3 Ne4 13. Qxb6 axb6 14. g4 Bh7 15. Nxe4 Bxe4 16. Bd2 Rfd8 17. Red1 b5 18. Be1 Nb6 19. a3 Na4 20. Rd2 Nb6 21. Ne5 Bxg2 22. Kxg2 b4 23. Rd3 f6 24. Ng6 Bd6 25. Rb1 Kf7 26. Nh4 Nd5 27. e3 bxa3 28. bxa3 b5 29. Bb4 Bxb4 30. axb4 Ra4 31. Rdb3 Rda8 32. Nf3 Ra2 33. Ne1 Rd2 34. R1b2 Nxe3+ 0-1

[Event "Nienberge- Bünde"]
[Site "?"]
[Date "2023.09.24"]
[Round "2.3"]
[White "Fuhlrott, Tim"]
[Black "Gottkehaskamp, Philipp"]
[Result "1-0"]
[WhiteElo "2051"]
[BlackElo "2036"]
[PlyCount "69"]
[EventDate "2023.??.??"]
[SourceVersionDate "2023.09.04"]

1. d4 d5 2. Nf3 Nc6 3. c4 Bg4 4. Nc3 e6 5. cxd5 exd5 6. Bg5 Be7 7. Bxe7 Ngxe7 8. e3 O-O 9. Be2 Ng6 10. Qb3 Nce7 11. Qxb7 Rb8 12. Qxa7 Rxb2 13. O-O Qd7 14. Qa6 Nf5 15. Ne5 Nxe5 16. dxe5 Bxe2 17. Nxe2 Nh4 18. Ng3 d4 19. Qa3 Qc6 20. e4 Rfb8 21. Rac1 Rc2 22. Rcd1 Qc3 23. Qa7 Rd8 24. Rb1 d3 25. Rb8 Rf8 26. Rxf8+ Kxf8 27. Qe3 d2 28. Qg5 Qd3 29. Rd1 Rc1 30. Rxc1 d1=R+ 31. Rxd1 Qxd1+ 32. Nf1 Ng6 33. Qf5 Ne7 34. Qh3 c5 35. Qa3 1-0

[Event "Nienberge- Bünde"]
[Site "?"]
[Date "2023.09.24"]
[Round "2.4"]
[White "Mgeladze, Kesaria"]
[Black "Kettler, Jonas"]
[Result "1/2-1/2"]
[WhiteElo "1987"]
[BlackElo "2114"]
[PlyCount "142"]
[EventDate "2023.??.??"]
[SourceVersionDate "2023.09.04"]

1. e4 e5 2. Nf3 Nc6 3. d4 exd4 4. Nxd4 Nf6 5. Nxc6 bxc6 6. e5 Qe7 7. Qe2 Nd5 8. g3 g6 9. c4 Ba6 10. Bg2 Bg7 11. O-O O-O 12. Re1 Rae8 13. Nd2 Nb6 14. b3 Qxe5 15. Qxe5 Rxe5 16. Rxe5 Bxe5 17. Rb1 d5 18. Ba3 Rd8 19. Nf3 Bf6 20. cxd5 cxd5 21. Rc1 Be2 22. Rxc7 d4 23. Be7 Bxe7 24. Rxe7 d3 25. Nd2 Rc8 26. Bf3 Kf8 27. Re3 Rc2 28. Bxe2 dxe2 29. Rxe2 Rxa2 30. Kf1 Rb2 31. Ke1 Nd7 32. Re3 Nc5 33. Kd1 Ne6 34. Rd3 Ke7 35. Kc1 Ra2 36. Kb1 Ra5 37. Ne4 Re5 38. Nc3 Nc5 39. Rd1 Nxb3 40. Kc2 Nc5 41. Ra1 a6 42. Ra5 Kd6 43. Kd1 Kc7 44. f4 Kb6 45. Rxa6+ Kxa6 46. fxe5 Nd7 47. Ke2 Nxe5 48. h3 Kb7 49. Ke3 Kc6 50. Kf4 f6 51. Ne4 Nd7 52. h4 Kd5 53. h5 Ke6 54. hxg6 hxg6 55. g4 Ne5 56. Nc5+ Kd5 57. Ne4 Ke6 58. Nc5+ Kd6 59. Ne4+ Ke7 60. g5 f5 61. Kxe5 fxe4 62. Kxe4 Ke6 63. Kf4 Kd5 64. Kf3 Ke5 65. Ke3 Kf5 66. Kf3 Kxg5 67. Kg3 Kf5 68. Kf3 g5 69. Kg3 g4 70. Kg2 Kf4 71. Kf2 g3+ 1/2-1/2

[Event "Nienberge- Bünde"]
[Site "?"]
[Date "2023.09.24"]
[Round "2.5"]
[White "Brunke, Christian"]
[Black "Ringwelski, Marius"]
[Result "1-0"]
[WhiteElo "2154"]
[BlackElo "1996"]
[PlyCount "159"]
[EventDate "2023.??.??"]
[SourceVersionDate "2023.09.04"]

1. e4 e5 2. Nf3 Nc6 3. Bc4 Nf6 4. d3 Bc5 5. c3 d6 6. Nbd2 h6 7. b4 Bb6 8. a4 a5 9. b5 Ne7 10. Bb3 c6 11. Nc4 Bc7 12. Ba3 O-O 13. Qc2 Ng6 14. Ne3 Re8 15. Qa2 Be6 16. g3 d5 17. exd5 Nxd5 18. Nxd5 cxd5 19. O-O-O Rc8 20. Kb1 Bb6 21. Rc1 e4 22. dxe4 dxe4 23. Bxe6 Rxe6 24. Rhd1 Qf6 25. Nd4 Ree8 26. Rc2 Ne5 27. Qd5 Nd3 28. Rdd2 Rcd8 29. Qxb7 Bxd4 30. cxd4 Qxd4 31. Bb2 Qxa4 32. Rc3 Qb4 33. Qc6 Rb8 34. Re2 Qxb5 35. Qxb5 Rxb5 36. Rxd3 exd3 37. Rxe8+ Kh7 38. Rd8 Rb3 39. Ka2 a4 40. Rd4 Kg6 41. Rxa4 Rb5 42. Rd4 Rh5 43. Rxd3 Rxh2 44. Rf3 f6 45. Kb3 Rh5 46. Bd4 Rd5 47. Kc4 Rd7 48. Ra3 h5 49. Ra7 Rd8 50. Kd3 Rb8 51. Bc5 Rc8 52. Ba3 Re8 53. Be7 Kf7 54. Bc5+ Kg6 55. Be3 Re6 56. Ke2 Re8 57. f4 Re4 58. Kf3 Rc4 59. Ra5 Rb4 60. Kg2 Re4 61. Ra3 Rb4 62. Rc3 Re4 63. Kh3 Ra4 64. Rc5 Re4 65. f5+ Kh7 66. Bf4 Re1 67. Rc1 Re2 68. Rf1 Ra2 69. Be3 g6 70. fxg6+ Kxg6 71. Bd4 Ra6 72. Kh4 f5 73. Be3 Ra2 74. Bg1 Ra4+ 75. Kh3 Re4 76. Rf4 Re2 77. Rf3 Kg5 78. Be3+ Kg6 79. Bf4 Re1 80. Rc3 1-0

[Event "Nienberge- Bünde"]
[Site "?"]
[Date "2023.09.24"]
[Round "2.6"]
[White "Emiroglu, Murat"]
[Black "Brosig, Boris"]
[Result "1/2-1/2"]
[WhiteElo "2170"]
[BlackElo "2225"]
[PlyCount "86"]
[EventDate "2023.??.??"]
[SourceVersionDate "2023.09.04"]

1. e4 c5 2. Nc3 Nc6 3. g3 g6 4. Bg2 Bg7 5. d3 e6 6. Be3 Nd4 7. Qd2 Ne7 8. Nd1 d6 9. c3 Ndc6 10. Ne2 h5 11. h3 b5 12. d4 cxd4 13. Nxd4 Rb8 14. O-O O-O 15. Nxc6 Nxc6 16. Bh6 Bxh6 17. Qxh6 Qf6 18. Qd2 Rd8 19. Ne3 b4 20. cxb4 Nxb4 21. a3 Nc6 22. b4 Nd4 23. Qd3 Bd7 24. Nc2 Nxc2 25. Qxc2 Bb5 26. Rfd1 Rbc8 27. Qd2 d5 28. exd5 exd5 29. Qd4 Qe7 30. Rac1 Rxc1 31. Rxc1 Bc4 32. Kh2 a6 33. Rc3 Qd6 34. h4 Qe7 35. Re3 Qd6 36. Bf3 Qd7 37. Re5 f6 38. Re1 Kg7 39. Bg2 Rf8 40. Qc5 Rf7 41. Rd1 Qa4 42. Ra1 Qb5 43. Qd4 Re7 1/2-1/2

[Event "Nienberge- Bünde"]
[Site "?"]
[Date "2023.09.24"]
[Round "2.7"]
[White "Moradi Kahlou, Benjamin"]
[Black "Kemper, Georg"]
[Result "1-0"]
[WhiteElo "2051"]
[BlackElo "1986"]
[PlyCount "61"]
[EventDate "2023.??.??"]
[SourceVersionDate "2023.09.04"]

1. c4 e6 2. g3 d5 3. Bg2 c6 4. Nf3 Bd6 5. O-O f5 6. d3 Nf6 7. Nc3 O-O 8. e4 dxe4 9. dxe4 Bc5 10. Qc2 Na6 11. a3 Nc7 12. b4 Be7 13. Bf4 Nh5 14. Be5 Ne8 15. Rad1 Bd7 16. Nd4 Nef6 17. Nxe6 Qc8 18. Nxf8 Bxf8 19. Bd6 g6 20. e5 Bxd6 21. Rxd6 Ne8 22. Rd2 Be6 23. Rfd1 Qc7 24. f4 Nhg7 25. Na4 Qf7 26. Rd4 Rb8 27. Nc5 Bc8 28. Rd8 Qe7 29. Qd2 h6 30. Qd6 Qxd6 31. exd6 1-0

[Event "Nienberge- Bünde"]
[Site "?"]
[Date "2023.09.24"]
[Round "2.8"]
[White "Beridze, Tinatin"]
[Black "Gudath, Reiner"]
[Result "1-0"]
[WhiteElo "1982"]
[BlackElo "1956"]
[PlyCount "73"]
[EventDate "2023.??.??"]
[SourceVersionDate "2023.09.04"]

1. e4 c5 2. Nf3 e6 3. c3 d5 4. exd5 Qxd5 5. d4 Nf6 6. Bd3 Nc6 7. O-O Be7 8. dxc5 Bxc5 9. Bg5 Be7 10. Qc2 h6 11. Be3 O-O 12. Rd1 Qa5 13. b4 Qc7 14. Na3 e5 15. h3 Be6 16. Nb5 Qb8 17. a4 Rc8 18. Qb1 Bd5 19. Nd2 a6 20. Na3 Be6 21. Bc4 Nd5 22. Bxd5 Bxd5 23. Ndc4 Bxc4 24. Nxc4 Bd8 25. Qe4 Bc7 26. Qg4 Kh7 27. Qf5+ Kg8 28. Rd7 Rf8 29. Bc5 g6 30. Qf3 e4 31. Qxe4 Re8 32. Qf3 Nd8 33. Be3 b5 34. axb5 Qc8 35. Qd5 Ne6 36. b6 Nf4 37. Qxf7+ 1-0

[Event "Iserlohn- Horst Emscher"]
[Site "?"]
[Date "2023.09.24"]
[Round "2.1"]
[White "Kotter, Ralf"]
[Black "Scheider, Julian"]
[Result "1-0"]
[WhiteElo "2347"]
[BlackElo "2298"]
[PlyCount "69"]
[EventDate "2023.??.??"]
[SourceVersionDate "2023.09.04"]

1. e4 c5 2. Nf3 d6 3. d4 cxd4 4. Nxd4 Nf6 5. Nc3 Nc6 6. g3 Bg4 7. f3 Bd7 8. g4 e5 9. Nde2 Be6 10. g5 Nh5 11. Be3 Be7 12. Qd2 O-O 13. Nd5 Bxd5 14. exd5 Nd4 15. Bxd4 exd4 16. h4 Rc8 17. Bh3 Rc5 18. Bg4 g6 19. Bxh5 gxh5 20. Nf4 Qc8 21. Rh2 Qf5 22. Qxd4 Rfc8 23. Nxh5 f6 24. gxf6 Bf8 25. Rg2+ Kf7 26. Qg4 Qxg4 27. fxg4 Rxc2 28. Kf1 Rxg2 29. Kxg2 Rc2+ 30. Kg3 Rxb2 31. g5 b5 32. Rc1 Rxa2 33. Rc7+ Kg6 34. Nf4+ Kf5 35. Ne6 1-0

[Event "Iserlohn- Horst Emscher"]
[Site "?"]
[Date "2023.09.24"]
[Round "2.2"]
[White "Eckardt, Joshua"]
[Black "Baerwolf, Steven"]
[Result "1/2-1/2"]
[WhiteElo "2262"]
[BlackElo "2232"]
[PlyCount "37"]
[EventDate "2023.??.??"]
[SourceVersionDate "2023.09.04"]

1. d4 d5 2. c4 e6 3. Nf3 Nf6 4. g3 dxc4 5. Bg2 c5 6. O-O Nc6 7. dxc5 Qxd1 8. Rxd1 Bxc5 9. Nbd2 c3 10. bxc3 O-O 11. Nb3 Be7 12. c4 Bd7 13. Bf4 Rac8 14. c5 Rfd8 15. Ne5 Nxe5 16. Bxe5 Bc6 17. Bxc6 Rxd1+ 18. Rxd1 Rxc6 19. Bxf6 1/2-1/2

[Event "Iserlohn- Horst Emscher"]
[Site "?"]
[Date "2023.09.24"]
[Round "2.3"]
[White "Rebentisch, Tom"]
[Black "Schulze, Marc"]
[Result "0-1"]
[WhiteElo "2145"]
[BlackElo "2224"]
[PlyCount "106"]
[EventDate "2023.??.??"]
[SourceVersionDate "2023.09.04"]

1. e4 c6 2. d4 d5 3. Nc3 dxe4 4. Nxe4 Bf5 5. Ng3 Bg6 6. Nf3 Nd7 7. h4 h6 8. h5 Bh7 9. Bd3 Bxd3 10. Qxd3 Ngf6 11. Bd2 e6 12. O-O-O Be7 13. Ne4 Qc7 14. Kb1 O-O-O 15. g3 c5 16. Bf4 Qc6 17. Nxf6 Bxf6 18. d5 exd5 19. Qxd5 Qxd5 20. Rxd5 Rhe8 21. Rhd1 b6 22. Rd6 Nf8 23. Kc1 Rxd6 24. Rxd6 Ne6 25. Be3 Kc7 26. Rd1 Kc6 27. c3 Nc7 28. Kc2 Nd5 29. Bc1 Bd8 30. g4 Re4 31. Re1 Rxe1 32. Nxe1 f5 33. f3 c4 34. Kd1 b5 35. Nc2 Bb6 36. g5 f4 37. gxh6 gxh6 38. Ke2 Kd7 39. a4 bxa4 40. Na3 Be3 41. Bd2 Bxd2 42. Kxd2 Ne3 43. Nb5 Ke6 44. Nd4+ Kf6 45. Ke2 Nf5 46. Nb5 Kg5 47. Kf2 Kxh5 48. Nxa7 Ne3 49. Nb5 Nd1+ 50. Kg2 Nxb2 51. Na3 Nd1 52. Nb5 Ne3+ 53. Kh3 Nc2 0-1

[Event "Iserlohn- Horst Emscher"]
[Site "?"]
[Date "2023.09.24"]
[Round "2.4"]
[White "Schmuecker, Marcus"]
[Black "De Roda Husman, Juan"]
[Result "0-1"]
[WhiteElo "2192"]
[BlackElo "2239"]
[PlyCount "74"]
[EventDate "2023.??.??"]
[SourceVersionDate "2023.09.04"]

1. d4 d6 2. Nf3 g6 3. e4 Bg7 4. h3 Nd7 5. c3 e6 6. Bd3 Ne7 7. O-O h6 8. a4 O-O 9. Nbd2 c5 10. Qe2 cxd4 11. Nxd4 Nc5 12. Bc2 e5 13. N4f3 b6 14. Rd1 Ba6 15. c4 Qc7 16. Nb1 Ne6 17. Na3 Rad8 18. Nb5 Qb8 19. Ra3 Nc6 20. Be3 Nc5 21. Qd2 Kh7 22. b4 Ne6 23. Rd3 f5 24. exf5 gxf5 25. Rxd6 e4 26. Qd5 Bxb5 27. Rxd8 Nexd8 28. Bxe4 Ne7 29. Qxb5 fxe4 30. Rd7 exf3 31. Rxe7 Qd6 32. Qd7 Qg6 33. g3 Nf7 34. Qb7 Nd6 35. Qc7 Nf5 36. Re4 Nxe3 37. Rxe3 Qb1+ 0-1

[Event "Iserlohn- Horst Emscher"]
[Site "?"]
[Date "2023.09.24"]
[Round "2.5"]
[White "De Mie, Mariska"]
[Black "Kind, Bertram"]
[Result "0-1"]
[WhiteElo "2048"]
[BlackElo "2163"]
[PlyCount "106"]
[EventDate "2023.??.??"]
[SourceVersionDate "2023.09.04"]

1. e4 c5 2. Nf3 Nc6 3. Bb5 d6 4. O-O Bd7 5. Re1 Nf6 6. c3 a6 7. Bf1 Bg4 8. h3 Bxf3 9. Qxf3 g6 10. d3 Bg7 11. Qd1 O-O 12. Nd2 b5 13. Nf3 Rc8 14. Bg5 h6 15. Bf4 e5 16. Be3 Qe7 17. Qd2 Kh7 18. g4 Ng8 19. d4 c4 20. Bg2 Kh8 21. g5 hxg5 22. Bxg5 f6 23. Nh4 Kh7 24. Be3 Bh6 25. Bxh6 Nxh6 26. Nf3 Nd8 27. d5 Ndf7 28. Nh2 f5 29. exf5 gxf5 30. f4 Qh4 31. Nf3 Qg3 32. fxe5 dxe5 33. Qf2 Qxf2+ 34. Kxf2 e4 35. Nd4 Ne5 36. Ne6 Nd3+ 37. Ke3 Rg8 38. Re2 Rg3+ 39. Kd4 Nf7 40. Bh1 Nxb2 41. Re3 Rxe3 42. Kxe3 Nd3 43. Rg1 Rg8 44. Rxg8 Kxg8 45. Bxe4 fxe4 46. Kxe4 Nd6+ 47. Kd4 Kf7 48. Nc7 Kf6 49. Nxa6 Nf5+ 50. Ke4 Nf2+ 51. Kf4 Nxh3+ 52. Kf3 Ke5 53. Nc7 Nd6 0-1

[Event "Iserlohn- Horst Emscher"]
[Site "?"]
[Date "2023.09.24"]
[Round "2.6"]
[White "Klauke, Stefan"]
[Black "Buschmann, Andreas"]
[Result "0-1"]
[WhiteElo "2075"]
[BlackElo "2103"]
[PlyCount "116"]
[EventDate "2023.??.??"]
[SourceVersionDate "2023.09.04"]

1. d4 Nf6 2. Nf3 g6 3. b3 Bg7 4. Bb2 O-O 5. g3 c5 6. Bg2 d6 7. O-O Nbd7 8. Nc3 Rb8 9. Qd2 b5 10. dxc5 Nxc5 11. Nd4 Bd7 12. a3 Qc8 13. Nd5 Nxd5 14. Bxd5 e6 15. Bg2 e5 16. Nf3 Rb6 17. Rac1 Re8 18. Ne1 Bc6 19. Nd3 Bxg2 20. Kxg2 Ne4 21. Qb4 Qb7 22. f3 Nf6 23. e4 d5 24. Rce1 dxe4 25. fxe4 a5 26. Qxa5 Nxe4 27. Kg1 Ra6 28. Qb4 f5 29. a4 Qa7+ 30. Kg2 bxa4 31. bxa4 Rxa4 32. Qb5 Qa8 33. Kg1 Ra5 34. Qb4 h5 35. Ra1 Rxa1 36. Rxa1 Qc6 37. Qb3+ Kh8 38. Ra7 Nd6 39. Qa4 Qxa4 40. Rxa4 e4 41. Bxg7+ Kxg7 42. Ra7+ Nf7 43. Nf4 Rc8 44. Ra6 Ne5 45. Re6 Nf3+ 46. Kf1 Nxh2+ 47. Ke1 Rxc2 48. Rxg6+ Kf7 49. Rh6 Nf3+ 50. Kf1 Rh2 51. Rxh5 Rxh5 52. Nxh5 Kg6 53. Nf4+ Kg5 54. Kf2 Kg4 55. Ng2 Ne5 56. Ne3+ Kg5 57. Ng2 Nc4 58. Ke2 Kg4 0-1

[Event "Iserlohn- Horst Emscher"]
[Site "?"]
[Date "2023.09.24"]
[Round "2.7"]
[White "Weichert, Eddy"]
[Black "Franz, Christian"]
[Result "1-0"]
[WhiteElo "2001"]
[BlackElo "2038"]
[PlyCount "61"]
[EventDate "2023.??.??"]
[SourceVersionDate "2023.09.04"]

1. e4 c5 2. Nf3 d6 3. d4 cxd4 4. Nxd4 Nf6 5. Nc3 g6 6. Be3 Bg7 7. f3 O-O 8. Qd2 Nc6 9. O-O-O d5 10. Nxc6 bxc6 11. Bc4 Be6 12. exd5 Nxd5 13. Bd4 Nxc3 14. Qxc3 Bxd4 15. Rxd4 Bd5 16. h4 e6 17. Rd2 Rb8 18. h5 Qg5 19. hxg6 fxg6 20. Re1 Rfd8 21. Bd3 a5 22. Qe5 Qh6 23. f4 Rb4 24. g3 Re8 25. a3 Rbb8 26. c4 Bf3 27. Be4 Bxe4 28. Qxe4 c5 29. Rd7 e5 30. Rh1 Qf8 31. Qd5+ 1-0

[Event "Iserlohn- Horst Emscher"]
[Site "?"]
[Date "2023.09.24"]
[Round "2.8"]
[White "Kuhnen, Thomas"]
[Black "Goeldenboog, Juergen"]
[Result "1/2-1/2"]
[WhiteElo "2092"]
[BlackElo "1936"]
[PlyCount "54"]
[EventDate "2023.??.??"]
[SourceVersionDate "2023.09.04"]

1. e4 c6 2. d4 d5 3. e5 c5 4. dxc5 Nc6 5. Nf3 Bg4 6. Be2 e6 7. a3 Bxc5 8. b4 Bxf3 9. Bxf3 Bd4 10. Ra2 Bxe5 11. O-O Qc7 12. g3 Nf6 13. Re1 O-O 14. c3 a6 15. Qe2 Bd6 16. Bg2 h6 17. c4 Nd4 18. Qd3 Qxc4 19. Qxc4 dxc4 20. Bxb7 Ra7 21. Bg2 Rc7 22. Be3 Nf5 23. Bb6 Rcc8 24. Nc3 Bc7 25. Bc5 Bd6 26. Bb6 Bc7 27. Bc5 Bd6 1/2-1/2

[Event "Godesberg- Iserlohn"]
[Site "?"]
[Date "2023.10.29"]
[Round "3.1"]
[White "Scheider, Julian"]
[Black "Seger, Ruediger"]
[Result "1/2-1/2"]
[WhiteElo "2298"]
[BlackElo "2264"]
[PlyCount "63"]
[EventDate "2023.??.??"]
[SourceVersionDate "2023.09.04"]

1. e4 c6 2. d4 d5 3. exd5 cxd5 4. c4 Nf6 5. Nc3 Nc6 6. Nf3 Bg4 7. cxd5 Nxd5 8. Qb3 Bxf3 9. gxf3 Nb6 10. d5 Nd4 11. Bb5+ Nd7 12. Qa4 Nxb5 13. Qxb5 g6 14. O-O Bg7 15. Bg5 O-O 16. Rfe1 Bxc3 17. bxc3 f6 18. Bf4 b6 19. a4 Rc8 20. a5 Rxc3 21. axb6 axb6 22. Ra7 Ne5 23. Bxe5 fxe5 24. Rxe5 Rc7 25. Ra6 Rf6 26. Kg2 Qd6 27. Ra8+ Rf8 28. Rxf8+ Kxf8 29. Re6 Rc5 30. Qxb6 Qxb6 31. Rxb6 Rxd5 32. h4 1/2-1/2

[Event "Godesberg- Iserlohn"]
[Site "?"]
[Date "2023.10.29"]
[Round "3.2"]
[White "Koehler, Christian"]
[Black "Eckardt, Joshua"]
[Result "1-0"]
[WhiteElo "2181"]
[BlackElo "2262"]
[PlyCount "89"]
[EventDate "2023.??.??"]
[SourceVersionDate "2023.09.04"]

1. e4 e5 2. Nf3 Nc6 3. Bb5 a6 4. Bxc6 dxc6 5. O-O Bd6 6. d3 Ne7 7. Nbd2 f6 8. Nc4 Be6 9. Be3 Qd7 10. Nfd2 O-O 11. Nxd6 cxd6 12. f4 exf4 13. Bxf4 d5 14. Nb3 dxe4 15. dxe4 Qxd1 16. Raxd1 Bxb3 17. axb3 Ng6 18. Bg3 Rad8 19. Kf2 Rfe8 20. Ke3 Kf7 21. Bc7 Rxd1 22. Rxd1 Nf8 23. g4 Kg6 24. b4 h5 25. gxh5+ Kxh5 26. Bg3 f5 27. Kf4 fxe4 28. Ke3 Kg4 29. Rf1 g5 30. Rf7 b5 31. Rf6 Ne6 32. Kxe4 Nf4+ 33. Kd4 Ne2+ 34. Kc5 Nxg3 35. hxg3 Re4 36. b3 Kxg3 37. Rxc6 Kf4 38. Rxa6 Re5+ 39. Kd4 Re4+ 40. Kc5 Re5+ 41. Kb6 g4 42. Ra1 g3 43. c4 bxc4 44. bxc4 Ke3 45. c5 1-0

[Event "Godesberg- Iserlohn"]
[Site "?"]
[Date "2023.10.29"]
[Round "3.3"]
[White "Schulze, Marc"]
[Black "Schulte- Geers, Niklas"]
[Result "0-1"]
[WhiteElo "2224"]
[BlackElo "2171"]
[PlyCount "130"]
[EventDate "2023.??.??"]
[SourceVersionDate "2023.09.04"]

1. d4 d5 2. c4 c6 3. Nf3 Nf6 4. Nc3 e6 5. e3 Nbd7 6. Qc2 Be7 7. g4 h6 8. Rg1 b6 9. h4 h5 10. g5 Ng4 11. Bh3 dxc4 12. Bxg4 hxg4 13. Rxg4 Bb7 14. Ne5 Nxe5 15. dxe5 Qd3 16. Qxd3 cxd3 17. Rf4 a5 18. b3 Ba6 19. Bb2 Rd8 20. O-O-O g6 21. Ne4 Rd5 22. Kb1 Rh7 23. Bc3 Bb5 24. Nd2 Ba6 25. a4 Bd8 26. Rc1 c5 27. Nc4 Bc7 28. Rg4 Ke7 29. f4 Rd8 30. Rd1 Bb7 31. Rf1 Be4 32. Nd2 Bf5 33. Rg3 Rxh4 34. Rfg1 Rh2 35. e4 Rxd2 36. Bxd2 Bxe4 37. Rh3 Rb8 38. Rc1 Rd8 39. Re1 Bc6 40. Kb2 b5 41. axb5 Bxb5 42. Ra1 Ra8 43. Rhh1 Bb6 44. Rhc1 Kd7 45. Be3 Kc6 46. Bxc5 d2 47. Rc2 Bxc5 48. Rxd2 Kb6 49. Rh1 Bc6 50. Rh7 Ra7 51. Rd8 Be3 52. Rh4 Rd7 53. Rxd7 Bxd7 54. Kc3 Bb5 55. Kc2 Kc5 56. Rh7 Kd4 57. Rxf7 Bd3+ 58. Kd1 Kc3 59. Re7 Bf5 60. Rb7 Bg4+ 61. Ke1 Bd2+ 62. Kf2 Kc2 63. Kg3 Bf5 64. Rf7 Kxb3 65. Rxf5 exf5 0-1

[Event "Godesberg- Iserlohn"]
[Site "?"]
[Date "2023.10.29"]
[Round "3.4"]
[White "Broehl, Stephan"]
[Black "Schmuecker, Marcus"]
[Result "1/2-1/2"]
[WhiteElo "2127"]
[BlackElo "2192"]
[PlyCount "92"]
[EventDate "2023.??.??"]
[SourceVersionDate "2023.09.04"]

1. e4 c5 2. Nf3 e6 3. Nc3 Nc6 4. d4 cxd4 5. Nxd4 Nf6 6. Be2 Bb4 7. O-O Bxc3 8. bxc3 Nxe4 9. Qd3 d5 10. Ba3 Qa5 11. Nb5 a6 12. Nd6+ Nxd6 13. Bxd6 Ne7 14. Rfe1 Qd8 15. Ba3 Bd7 16. c4 dxc4 17. Qxc4 Bb5 18. Qb4 Nc6 19. Qg4 Qd4 20. Qf3 Bxe2 21. Qxe2 O-O-O 22. Rab1 Rd5 23. Bb2 Qc5 24. Bxg7 Rhd8 25. Red1 Rxd1+ 26. Rxd1 Rxd1+ 27. Qxd1 Nb4 28. c3 Nxa2 29. Bf6 Qd5 30. Qa4 Kc7 31. h3 b5 32. Qxa6 Qd1+ 33. Kh2 Qd6+ 34. Qxd6+ Kxd6 35. Kg3 Kd5 36. Kg4 Kc4 37. Kh5 Nxc3 38. Be7 Nd5 39. Ba3 Nf4+ 40. Kh6 Nxg2 41. Kxh7 Nf4 42. h4 e5 43. Kg7 b4 44. Bxb4 Kxb4 45. Kf6 Kc4 46. Kxe5 Ng6+ 1/2-1/2

[Event "Godesberg- Iserlohn"]
[Site "?"]
[Date "2023.10.29"]
[Round "3.5"]
[White "Schmitz, Phillip"]
[Black "Stenzel, Thomas"]
[Result "0-1"]
[WhiteElo "2186"]
[BlackElo "2159"]
[PlyCount "96"]
[EventDate "2023.??.??"]
[SourceVersionDate "2023.09.04"]

1. e4 e6 2. d4 d5 3. Nc3 Nc6 4. Nf3 Nf6 5. Bd3 Bb4 6. e5 Ne4 7. Bd2 Nxd2 8. Qxd2 f6 9. Bb5 Bd7 10. Bxc6 Bxc6 11. O-O-O O-O 12. Kb1 a5 13. Rhe1 Be8 14. a3 Be7 15. exf6 Rxf6 16. Ng5 Ra6 17. f4 h6 18. Nf3 b5 19. Na2 Qb8 20. g4 b4 21. axb4 Bxb4 22. c3 Bf8 23. Ne5 Rb6 24. Ka1 Ba4 25. Rc1 Qe8 26. c4 Bb4 27. Nxb4 axb4 28. b3 Bxb3 29. Kb2 dxc4 30. Nxc4 Bxc4 31. Rxc4 Qd7 32. Ra1 Qd6 33. Ra8+ Rf8 34. Rxf8+ Kxf8 35. Rc5 b3 36. f5 exf5 37. Rxf5+ Kg8 38. Qf4 Qe7 39. Re5 Qf8 40. Qe3 Rb8 41. Re7 Qf6 42. Re8+ Rxe8 43. Qxe8+ Kh7 44. Qe4+ Qg6 45. Qf5 Qxf5 46. gxf5 Kg8 47. Kxb3 Kf7 48. Kc4 Kf6 0-1